Introducción al derecho /

Guardado en:
Bibliografiske detaljer
Hovedforfatter: Atienza, Manuel (autor)
Format: Bog
Sprog:spansk
Udgivet: México : Fontamara, 1998, c1998
Udgivelse:Edición corregida
Serier:(Doctrina Jurídica Contemporánea ; 2)
Fag:
Tags: Tilføj Tag
Ingen Tags, Vær først til at tagge denne postø!

MARC

LEADER 00000nam^a2200000^a^4500
001 000157817
005 20250521000000.0
009 20260310100552.858
020 |a 968-476-281-X 
037 |a Acervo ITESO - Biblioteca 
041 |a ESP 
082 |a 340. 1  |b DOC V. 2 
100 |a Atienza, Manuel  |e (autor) 
240 1 1 |a [Doctrina jurídica contemporánea] 
245 1 0 |a Introducción al derecho /  |c M. Atienza ; dir. de la serie de J.R. Cossío Díaz... [et al.]. 
250 |a Edición corregida 
264 4 |a México :  |b Fontamara,  |c 1998, c1998 
300 |a 352 p. 
336 |a texto  |b txt  |2 rdacontenido 
337 |a sin mediación  |b n  |2 rdamedio 
338 |a volumen  |b nc  |2 rdasoporte 
440 1 |a (Doctrina Jurídica Contemporánea ;  |v 2) 
649 |a XX 
650 |a Control Social 
650 |a Función Social 
650 |a Sociología del Derecho 
650 |a Justicia e Injusticia 
650 |a Derecho y Etica 
650 |a Derecho -  |x Filosofía 
650 |a Derecho -  |x Teoría 
910 |a Fondo General 
920 |a Impresos - Libros 
930 |a Colección General 
905 |a 101 
901 |a 0500087518  |b IT1  |c ACC  |u 20250521 
901 |a 0500194835  |b IT1  |c ACC  |i C127765  |u 20250521 
901 |a 0500194832  |b IT1  |c ACC  |i C127764  |u 20250521 
902 |a https://opac.biblio.iteso.mx/vufind/Record/000157817